Firmantes del Tratado de Versalles - Estadísticas

Estadísticas generales
  • Esta prueba ha sido intentada 6 veces
  • La puntuación promedio es 12 de 29
Estadísticas de respuestas
Hint Respuesta % Correcto
Potencias centrales Alemania
100%
Otros firmantes Bélgica
100%
Aliados Francia
100%
Aliados Reino Unido
100%
Otros firmantes Italia
83%
Otros firmantes Japón
83%
Otros firmantes Canadá
67%
Otros firmantes Portugal
67%
Otros firmantes Australia
50%
Otros firmantes Brasil
50%
Otros firmantes Polonia
50%
Otros firmantes Cuba
33%
Otros firmantes Grecia
33%
Otros firmantes India Británica
33%
Otros firmantes Nueva Zelanda
33%
Otros firmantes Perú
33%
Otros firmantes Rumanía
33%
Otros firmantes Siam
33%
Otros firmantes Bolivia
17%
Otros firmantes Ecuador
17%
Otros firmantes Guatemala
17%
Otros firmantes Haití
17%
Otros firmantes Honduras
17%
Otros firmantes Nicaragua
17%
Otros firmantes Panamá
17%
Otros firmantes Unión Sudafricana
17%
Otros firmantes Hiyaz
0%
Otros firmantes Liberia
0%
Otros firmantes Uruguay
0%
No se encontraron pruebas coincidentes
Distribución de puntuación
Porcentaje de gente con cada puntuación
Porcentaje por número respondido
Historial de tus puntuaciones
No has intentado esta prueba.